| 000 | 01209nam a2200229Ia 4500 | ||
|---|---|---|---|
| 999 |
_c34626 _d34626 |
||
| 001 | 391 | ||
| 003 | GE_BSU | ||
| 005 | 20250306120330.0 | ||
| 008 | 181216s2009||||ge |||||||||||||| ||geo|| | ||
| 020 | _a9789941100901 | ||
| 040 | _cGE_BSU | ||
| 041 | _ageo | ||
| 080 | _a617.089(075.8) გ–82 | ||
| 100 |
_aგრიგოლია, ნოდარ _93225 |
||
| 245 |
_aქირურგიული დაავადებები : _bსახელმძღვანელო სამედიცინო უნ–ტის სტუდ. და ახალგაზრდა ექიმებისათვის / _c ნოდარ გრიგოლია; [რედაქტორი: თსსუ ქირურგ. დეპარტ. პროფ. გიორგი გიორგობიანი]. |
||
| 264 |
_aთბილისი : _bმერიდიანი, _c2009. |
||
| 300 |
_a600 გვ. _bილ. გრაფ., _c20 სმ. |
||
| 653 | _aქირურგიული დაავადებები | ||
| 653 | _aმედიცინა | ||
| 700 |
_aგიორგობიანი, გიორგი _eრედაქტორი _96353 |
||
| 942 |
_cBK _2udc |
||